000 00498nam a2200181Ia 4500
005 20250508162613.0
008 008 250505s9999 xx 000 0 hin d
037 _aTextual
040 _aFEDL
_beng
_cFEDL
041 _ahin
_2eng
084 _aFH, TOL
_qFEDL
100 _aTolstiya Lev
_9773567
245 0 _aAanna kareynina: Upanyas 8 bhago mein Part 1-4
260 _aMoscow
_bPragati Prakashan
_c1981
300 _a662p.
942 _cTEXL
_hFH, TOL
999 _c1377589
_d1377589